000 00462nam a2200181Ia 4500
999 _c55539
_d55539
003 0100
005 20170503103006.0
008 130303s9999 xx 000 0 und d
040 _cARRUPELIB
050 _aDT459.H3 1951
100 _aHamilton, Genesta Mary
_930345
245 _aIn the wake of Da Gama
245 _bthe story of Portuguese pioneers in East Africa 1497-1729
260 _bSkeffington and Son
_aLondon
_c1951
300 _a176p.
600 _aVasco da Gama
_xDiscovery and exploration
_zMozambique
_930346
650 _bPortuguese in Africa
_zEast Gama
_930347
942 _2lcc
_cMONOGRAPH